Bách khoa thư văn học thiếu nhi Việt nam

Gespeichert in:
Bibliographische Detailangaben
1. Verfasser: Vân Thanh
Format: Buch
Sprache:Undetermined
Veröffentlicht: H. Từ điển bách khoa 2002
Schlagworte:
Tags: Tag hinzufügen
Keine Tags, Fügen Sie den ersten Tag hinzu!
Thư viện lưu trữ: Trung tâm Học liệu Trường Đại học Cần Thơ
LEADER 00580nam a2200205Ia 4500
001 CTU_60136
008 210402s9999 xx 000 0 und d
020 |b 75000 
082 |a 895.922803 
082 |b V121 
100 |a Vân Thanh 
245 0 |a Bách khoa thư văn học thiếu nhi Việt nam 
245 0 |c Vân Thanh và Nguyên An 
260 |a H. 
260 |b Từ điển bách khoa 
260 |c 2002 
650 |a children literature 
650 |x history and criticism 
904 |i Minh 
980 |a Trung tâm Học liệu Trường Đại học Cần Thơ